000 00598nam a2200205Ia 4500
005 20250923144731.0
008 008 250917s9999 xx 000 0 eng d
037 _aTextual
040 _aDSWL
_beng
_cDSWL
041 _aeng
_2eng
084 _aY:f, N60
_qDSWL
100 _aJunker, Buford H.
_9827852
245 0 _aField work: An introduction to the Social Science
_cby Buford H.Junker
260 _aChicago
_bUniversity of Chicago Press
_c1960
300 _axii,208p.
365 _aINR
_b26
925 _g26
942 _cTEXL
_hY:f, N60
999 _c1442651
_d1442651